Gemeinden von Nordfriesland auf einer Karte - Statistiken

Allgemein
  • Dieses Quiz wurde 195 mal gespielt
  • Das Durchschnittsergebnis liegt bei 33 aus 133
Antworten auf der Karte
Die Antworten werden auf der Karte rot bzw. grün angezeigt, abhängig davon wie oft sie richtig erraten wurden.
 
Antwortstatistiken
Amt Einwohner Gemeinde % Korrekt
amtsfrei 13.689 Sylt
88%
amtsfrei 23.189 Husum
78%
Landschaft Sylt 1.493 List auf Sylt
78%
Südtondern 9.992 Niebüll
73%
Pellworm 1.163 Pellworm
66%
Föhr-Amrum 4.222 Wyk auf Föhr
66%
Landschaft Sylt 893 Hörnum
59%
Landschaft Sylt 461 Kampen
59%
Föhr-Amrum 905 Nebel
54%
Pellworm 138 Langeneß
51%
Eiderstedt 3.997 Sankt Peter-Ording
51%
Südtondern 884 Dagebüll
49%
amtsfrei 4.984 Tönning
49%
Pellworm 103 Hooge
46%
Südtondern 979 Klanxbüll
46%
Nordsee-Treene 2.253 Nordstrand
46%
Mittleres Nordfriesland 5.543 Bredstedt
41%
Pellworm 10 Gröde
41%
Föhr-Amrum 788 Wittdün auf Amrum
41%
Landschaft Sylt 1.582 Wenningstedt-Braderup
39%
amtsfrei 2.653 Friedrichstadt
37%
Südtondern 2.818 Garding
37%
Nordsee-Treene 2.556 Hattstedt
37%
Südtondern 7.635 Leck
37%
Nordsee-Treene 324 Reußenköge
37%
Mittleres Nordfriesland 3.280 Langenhorn
34%
Südtondern 2.417 Süderlügum
34%
Mittleres Nordfriesland 2.223 Viöl
34%
Mittleres Nordfriesland 2.330 Breklum
29%
Südtondern 1.005 Klixbüll
29%
Südtondern 1.334 Ladelund
29%
Mittleres Nordfriesland 3.796 Risum-Lindholm
29%
Südtondern 441 Aventoft
27%
Mittleres Nordfriesland 1.999 Bordelum
27%
Südtondern 668 Braderup
27%
Südtondern 88 Emmelsbüll-Horsbüll
27%
Föhr-Amrum 570 Norddorf auf Amrum
27%
Eiderstedt 958 Tating
27%
Südtondern 359 Uphusum
27%
Eiderstedt 94 Westerhever
27%
Viöl 518 Ahrenviöl
24%
Südtondern 1.114 Enge-Sande
24%
Südtondern 359 Goldebek
24%
Südtondern 414 Goldelund
24%
Nordsee-Treene 272 Hattstedtermarsch
24%
Südtondern 757 Humptrup
24%
Nordsee-Treene 3.925 Mildstedt
24%
Föhr-Amrum 569 Nieblum
24%
Mittleres Nordfriesland 632 Oster-Ohrstedt
24%
Mittleres Nordfriesland 1.032 Struckum
24%
Mittleres Nordfriesland 1.035 Wester-Ohrstedt
24%
Nordsee-Treene 1.128 Witzwort
24%
Südtondern 1.524 Achtrup
22%
Mittleres Nordfriesland 620 Bargum
22%
Südtondern 249 Bosbüll
22%
Südtondern 222 Bramstedtlund
22%
Mittleres Nordfriesland 727 Joldelund
22%
Südtondern 212 Karlum
22%
Mittleres Nordfriesland 669 Löwenstedt
22%
Mittleres Nordfriesland 336 Lütjenholm
22%
Mittleres Nordfriesland 1.134 Neukirchen
22%
Mittleres Nordfriesland 306 Ockholm
22%
Nordsee-Treene 1.521 Ostenfeld
22%
Nordsee-Treene 1.354 Schwabstedt
22%
Südtondern 256 Sprakebüll
22%
Südtondern 959 Stadum
22%
Südtondern 858 Stedesand
22%
Südtondern 358 Westre
22%
Mittleres Nordfriesland 515 Ahrenshöft
20%
Viöl 220 Ahrenviölfeld
20%
Föhr-Amrum 391 Alkersum
20%
Nordsee-Treene 332 Arlewatt
20%
Nordsee-Treene 49 Elisabeth-Sophien-Koog
20%
Südtondern 113 Ellhöft
20%
Südtondern 179 Friedrich-Wilhelm-Lübke-Koog
20%
Südtondern 615 Galmsbüll
20%
Viöl 882 Haselund
20%
Südtondern 204 Osterhever
20%
Nordsee-Treene 1.880 Rantrum
20%
Südtondern 406 Rodenäs
20%
Nordsee-Treene 824 Simonsberg
20%
Eiderstedt 587 Tetenbüll
20%
Nordsee-Treene 768 Wittbek
20%
Nordsee-Treene 426 Wobbenbüll
20%
Mittleres Nordfriesland 1.255 Drelsdorf
17%
Nordsee-Treene 89 Fresendelf
17%
Südtondern 90 Holm
17%
Nordsee-Treene 805 Horstedt
17%
Föhr-Amrum 427 Midlum
17%
Nordsee-Treene 40 Norderfriedrichskoog
17%
Südtondern 1.250 Oldenswort
17%
Föhr-Amrum 505 Oldsum
17%
Südtondern 229 Poppenbüll
17%
Mittleres Nordfriesland 282 Sönnebüll
17%
Südtondern 247 Tinningstedt
17%
Eiderstedt 198 Welt
17%
Viöl 551 Behrendorf
15%
Mittleres Nordfriesland 760 Bohmstedt
15%
Nordsee-Treene 646 Drage
15%
Mittleres Nordfriesland 634 Immenstedt
15%
Südtondern 175 Katharinenheerd
15%
Kirchspiel Garding 277 Kirchspiel Garding
15%
Südtondern 200 Kotzenbüll
15%
Südtondern 52 Lexgaard
15%
Föhr-Amrum 473 Oevenum
15%
Nordsee-Treene 144 Südermarsch
15%
Nordsee-Treene 300 Uelvesbüll
15%
Föhr-Amrum 398 Utersum
15%
Föhr-Amrum 48 Witsum
15%
Föhr-Amrum 336 Borgsum
12%
Föhr-Amrum 65 Dunsum
12%
Nordsee-Treene 182 Hude
12%
Nordsee-Treene 898 Koldenbüttel
12%
Mittleres Nordfriesland 285 Sollwitt
12%
Föhr-Amrum 188 Süderende
12%
Eiderstedt 106 Tümlauer Koog
12%
Mittleres Nordfriesland 183 Vollstedt
12%
Nordsee-Treene 719 Winnert
12%
Nordsee-Treene 113 Wisch
12%
Föhr-Amrum 608 Wrixum
12%
Viöl 158 Bondelum
10%
Nordsee-Treene 21 Grothusenkoog
10%
Mittleres Nordfriesland 468 Högel
10%
Mittleres Nordfriesland 410 Norstedt
10%
Nordsee-Treene 739 Oldersbek
10%
Nordsee-Treene 461 Olderup
10%
Nordsee-Treene 414 Ramstedt
10%
Mittleres Nordfriesland 956 Schwesing
10%
Nordsee-Treene 765 Seeth
10%
Nordsee-Treene 13 Süderhöft
10%
Eiderstedt 219 Vollerwiek
10%
Mittleres Nordfriesland 543 Almdorf
7%
Mittleres Nordfriesland 63 Kolkerheide
7%
Keine übereinstimmenden Quizze gefunden
Verteilung der Resultate
Anzahl Personen mit jedem Resultat
Perzentil nach korrekt beantworteten Fragen
Ihre Resultats-Entwicklung
Sie haben dieses Quiz noch nicht gespielt